<?xml version="1.0" encoding="UTF-8"?>
<record
    xmlns:xsi="http://www.w3.org/2001/XMLSchema-instance"
    xsi:schemaLocation="http://www.loc.gov/MARC21/slim http://www.loc.gov/standards/marcxml/schema/MARC21slim.xsd"
    xmlns="http://www.loc.gov/MARC21/slim">

  <leader>00539cam a2200181   4500</leader>
  <controlfield tag="001">365</controlfield>
  <controlfield tag="005">20181127161412.0</controlfield>
  <controlfield tag="008">890913s1990    nyua     b    001 0 eng</controlfield>
  <datafield tag="010" ind1=" " ind2=" ">
    <subfield code="a">   89027639</subfield>
  </datafield>
  <datafield tag="020" ind1=" " ind2=" ">
    <subfield code="a">0442206720</subfield>
  </datafield>
  <datafield tag="100" ind1="1" ind2=" ">
    <subfield code="a">Beizer, Boris,</subfield>
    <subfield code="d">1934-</subfield>
  </datafield>
  <datafield tag="245" ind1="1" ind2="0">
    <subfield code="a">Software testing techniques /</subfield>
    <subfield code="c">Boris Beizer.</subfield>
  </datafield>
  <datafield tag="250" ind1=" " ind2=" ">
    <subfield code="a">2nd ed.</subfield>
  </datafield>
  <datafield tag="260" ind1=" " ind2=" ">
    <subfield code="a">New Delhi :</subfield>
    <subfield code="b">Dreamtech,</subfield>
    <subfield code="c">2009.</subfield>
  </datafield>
  <datafield tag="300" ind1=" " ind2=" ">
    <subfield code="a">xxvi, 550 p. :</subfield>
    <subfield code="b">ill. ;</subfield>
    <subfield code="c">24 cm.</subfield>
  </datafield>
  <datafield tag="504" ind1=" " ind2=" ">
    <subfield code="a">Includes bibliographical references (p. 477-513) and index.</subfield>
  </datafield>
  <datafield tag="650" ind1=" " ind2="0">
    <subfield code="a">Computer software</subfield>
    <subfield code="x">Testing.</subfield>
  </datafield>
  <datafield tag="999" ind1=" " ind2=" ">
    <subfield code="c">321</subfield>
    <subfield code="d">321</subfield>
  </datafield>
  <datafield tag="952" ind1=" " ind2=" ">
    <subfield code="0">0</subfield>
    <subfield code="1">0</subfield>
    <subfield code="2">ddc</subfield>
    <subfield code="4">0</subfield>
    <subfield code="7">0</subfield>
    <subfield code="8">MAIN</subfield>
    <subfield code="a">RTCLIB</subfield>
    <subfield code="b">RTCLIB</subfield>
    <subfield code="c">MAIN</subfield>
    <subfield code="h"> </subfield>
    <subfield code="i">3997</subfield>
    <subfield code="l">0</subfield>
    <subfield code="o">005.14  BEI</subfield>
    <subfield code="p">30002337</subfield>
    <subfield code="r">2018-11-27 00:00:00</subfield>
    <subfield code="t">1</subfield>
    <subfield code="w">2018-11-27</subfield>
    <subfield code="y">MAIN</subfield>
  </datafield>
  <datafield tag="952" ind1=" " ind2=" ">
    <subfield code="0">0</subfield>
    <subfield code="1">0</subfield>
    <subfield code="2">ddc</subfield>
    <subfield code="4">0</subfield>
    <subfield code="7">0</subfield>
    <subfield code="8">MAIN</subfield>
    <subfield code="a">RTCLIB</subfield>
    <subfield code="b">RTCLIB</subfield>
    <subfield code="c">MAIN</subfield>
    <subfield code="h"> </subfield>
    <subfield code="i">5531</subfield>
    <subfield code="l">0</subfield>
    <subfield code="o">005.14  B EI</subfield>
    <subfield code="p">30004405</subfield>
    <subfield code="r">2018-11-27 00:00:00</subfield>
    <subfield code="t">2</subfield>
    <subfield code="w">2018-11-27</subfield>
    <subfield code="y">MAIN</subfield>
    <subfield code="z">On reserve for  fall 2013 </subfield>
  </datafield>
  <datafield tag="952" ind1=" " ind2=" ">
    <subfield code="0">0</subfield>
    <subfield code="1">0</subfield>
    <subfield code="2">ddc</subfield>
    <subfield code="4">0</subfield>
    <subfield code="7">0</subfield>
    <subfield code="8">MAIN</subfield>
    <subfield code="a">RTCLIB</subfield>
    <subfield code="b">RTCLIB</subfield>
    <subfield code="c">MAIN</subfield>
    <subfield code="h"> </subfield>
    <subfield code="i">5532</subfield>
    <subfield code="l">0</subfield>
    <subfield code="o">005.14  BEI</subfield>
    <subfield code="p">30006053</subfield>
    <subfield code="r">2018-11-27 00:00:00</subfield>
    <subfield code="t">3</subfield>
    <subfield code="w">2018-11-27</subfield>
    <subfield code="y">MAIN</subfield>
  </datafield>
</record>
